00484 2200205 4500001002100000008004100021035002000062245004200082100002000124250000600144260003300150300001100183084001400194082000800208650001400216990001200230990001200242990001200254990001200266INLIS000000000000502 ind  a0010-0424000478 aAneka Minuman HangatcTaswati Suci M. aSuci M, Taswati a1 aKlaten :bIntan Sejatic2013 a76 hlm a600 TAS a a600 aNon Fiksi a0722028 a0722029 a0722030 a0722031